| 000 | 00700nam a2200241 a 4500 | ||
|---|---|---|---|
| 008 | |||
| 020 | _a8170001412 (cased) | ||
| 049 | _aMAIN | ||
| 090 | _aZ682.35.M35KRI | ||
| 100 | 1 | _aKrishna, C. Murali. | |
| 245 | 1 | 0 |
_aManpower planning in university libraries / _cC. Murali Krishna |
| 260 |
_aNew Delhi : _bEss Ess, _c1993 |
||
| 300 |
_a136, [6] p. ; _c23 cm. |
||
| 504 | _aIncludes bibliographical references. | ||
| 500 | _aIncludes index. | ||
| 650 | _aLibrary employees. | ||
| 650 | _aManpower planning. | ||
| 907 |
_a.b10116862 _b10-05-06 _c03-04-04 |
||
| 003 | |||
| 005 | 20230123133652.0 | ||
| 040 | _cNUST | ||
| 942 |
_cBOOKS _kZ682.35.M35KRI |
||
| 999 |
_c152580 _d152580 |
||